[Event "GER Seniors Derby 13th"]
[Site "Wesel Undeloh"]
[Date "2014.05.11"]
[Round "9"]
[White "Schenke, Conrad"]
[Black "Boehm, Siegmund"]
[Result "1-0"]
[WhiteElo "1609"]
[BlackElo "1527"]
[PlyCount "109"]
[EventDate "2014.05.07"]
[EventType "swiss"]
[EventRounds "9"]
[EventCountry "GER"]
[SourceTitle "EXT 2018"]
[Source "ChessBase"]
[SourceDate "2017.10.13"]
[SourceVersion "1"]
[SourceVersionDate "2017.10.13"]
[SourceQuality "1"]

1. e4 d6 2. d4 Nf6 3. Nc3 g6 4. Bg5 Bg7 5. Nf3 c6 6. Bc4 Qa5 7. Bd2 Qc7 8. 0-0 b5 9. Bd3 a5 10. a3 Nbd7 11. Re1 e5 12. d5 Nc5 13. Qe2 Nxd3 14. Qxd3 Ba6 15. b4 a4 16. Be3 c5 17. Nxb5 Bxb5 18. Qxb5+ Nd7 19. bxc5 dxc5 20. Rab1 0-0 21. Qc4 Rfc8 22. Rb5 Bf8 23. Reb1 Qd6 24. Rb7 f6 25. Qb5 Rd8 26. Nd2 Qa6 27. Nc4 Qxb5 28. R1xb5 Rab8 29. Rxb8 Rxb8 30. Rxb8 Nxb8 31. Nb6 Na6 32. c4 Kf7 33. Nxa4 Ke8 34. Kf1 Kd7 35. Ke2 Kd6 36. Nc3 Kc7 37. f4 Bd6 38. Nb5+ Kd7 39. Nxd6 Kxd6 40. fxe5+ Kxe5 41. Kf3 h5 42. Bf2 g5 43. Bg3+ Kd4 44. d6 Nb8 45. a4 Kxc4 46. Ke3 Kb4 47. Kd3 Kxa4 48. Kc4 Nd7 49. Bf2 Ka5 50. Bxc5 Ka6 51. Kd5 Kb7 52. Bd4 g4 53. Ke6 Kc6 54. Bxf6 Nxf6 55. Kxf6 1-0

[Event "GER Seniors Derby 13th"]
[Site "Wesel Undeloh"]
[Date "2014.05.09"]
[Round "5"]
[White "Nozulak, Joachim"]
[Black "Boehm, Siegmund"]
[Result "0-1"]
[WhiteElo "1307"]
[BlackElo "1527"]
[PlyCount "104"]
[EventDate "2014.05.07"]
[EventType "swiss"]
[EventRounds "9"]
[EventCountry "GER"]
[SourceTitle "EXT 2018"]
[Source "ChessBase"]
[SourceDate "2017.10.13"]
[SourceVersion "1"]
[SourceVersionDate "2017.10.13"]
[SourceQuality "1"]

1. d4 Nf6 2. Nf3 g6 3. e3 Bg7 4. c4 d6 5. Be2 0-0 6. 0-0 c6 7. Nc3 Qc7 8. Bd2 Rd8 9. Qc1 Bg4 10. d5 e5 11. e4 Nbd7 12. Bg5 Rf8 13. Bxf6 Nxf6 14. h3 Bd7 15. Qc2 c5 16. a3 Nh5 17. Ne1 Nf4 18. Kh2 f5 19. g3 Nxe2 20. Qxe2 f4 21. g4 Rf6 22. f3 Bf8 23. Nc2 Be7 24. Ne1 Kg7 25. Ng2 Rh8 26. Rh1 g5 27. Qe1 Qc8 28. Kg1 h5 29. gxh5 Rxh5 30. h4 Rfh6 31. Qf2 gxh4 32. Kf1 h3 33. Ne1 Bh4 34. Qd2 Bg3 35. Ne2 Qf8 36. Nxg3 fxg3 37. Ke2 Rg6 38. Ng2 h2 39. Raf1 Bh3 40. Kd3 Bxg2 41. Qxg2 Qf4 42. Ke2 Rh8 43. Kd3 Qh4 44. Re1 Qh3 45. Re2 Qxg2 46. Rxg2 Rf8 47. Ke3 Kh6 48. Rf1 Rf4 49. Ke2 Kh5 50. Ke3 Kh4 51. b4 Kh3 52. Rb2 g2 0-1

[Event "GER Seniors Derby 13th"]
[Site "Wesel Undeloh"]
[Date "2014.05.08"]
[Round "3"]
[White "Glaeser, Wilfried"]
[Black "Boehm, Siegmund"]
[Result "1-0"]
[WhiteElo "1981"]
[BlackElo "1527"]
[PlyCount "95"]
[EventDate "2014.05.07"]
[EventType "swiss"]
[EventRounds "9"]
[EventCountry "GER"]
[SourceTitle "EXT 2018"]
[Source "ChessBase"]
[SourceDate "2017.10.13"]
[SourceVersion "1"]
[SourceVersionDate "2017.10.13"]
[SourceQuality "1"]

1. Nf3 Nf6 2. c4 g6 3. b4 Bg7 4. Bb2 d6 5. e3 e5 6. Be2 Nc6 7. b5 Ne7 8. Nc3 b6 9. d4 Nd7 10. a4 a5 11. 0-0 Bb7 12. Rc1 e4 13. Nd2 f5 14. Qb3 Nf6 15. f3 exf3 16. Bxf3 Bxf3 17. Nxf3 Qd7 18. d5 h6 19. Nd4 Kf7 20. Ne6 Kg8 21. Ne2 Ne8 22. Nxg7 Nxg7 23. Nf4 Rh7 24. Qd1 Ne8 25. Rf3 Rf7 26. Rg3 Kh7 27. Nxg6 Nxg6 28. Qh5 Rg7 29. Rh3 Qf7 30. Qxh6+ Kg8 31. Bxg7 Nxg7 32. Qh7+ Kf8 33. Rg3 Ne7 34. Rf1 Qg8 35. Qh6 Kf7 36. e4 Qh8 37. Qg5 Rg8 38. Qe3 Qh7 39. e5 Ke8 40. exd6 cxd6 41. Re1 Qh4 42. Rg5 Qe4 43. Qxe4 fxe4 44. Rxe4 Kd7 45. Reg4 Ngf5 46. Rxg8 Nxg8 47. Rxg8 Ne3 48. h4 1-0